01015nas a2200241Ia 4500001001100000003000900011008004100020040001300061040001300074041001300087100003800100210001700138222001700155245009500172250001100267260004600278501008600324300001100410310001900421362003700440500026000477650003600737R020/B1018IT-RoPAU151124c99999999xx |||||||||||| ||und|| aIT-RoPAU cIT-RoPAU aITALIANO aAA.VV. gCodice Aut. SPICS: 12000 aGRIFFITHIANA aGriffithiana aGRIFFITHIANA, ANNO 13-N.38/39 (OTTOBRE 1990)bGriffithiana, Anno 13-N.38/39 (Ottobre 1990) a1a ed. aGEMONA (UDINE)bCINETECA DEL FRIULIc1990 bPaulus - SPICS - Società San Paolo EM (non-commercial uses only)cCopyright2015 a296 p. aQUADRIMESTRALE aANNO 013, N.38/39 (OTTOBRE 1990) aContributi di Autori Vari su Personaggi e Film del Periodo del Muto. Testodegli Articoli in Italiano e in Inglese. Note Biografiche e Opere O Interpretazioni dei Principali Cineasti del Muto. Intervista a Curt Bois. Cinema Tedesco, Giapponese, Lettone, Ru aCINEMAvPUBBLICAZIONE PERIODICA